000 01266nam a2200313 4500
005 20200104041746.0
008 160601s2015 ck a||||r|||| 00| 0 spa d
020 _a9789589365823
040 _aCO-BoIAVH
_cCO-BoIAVH
041 0 _aspa
044 _ack
082 0 4 _a577.38071
_bP98a8
100 1 _aBaquero, Gabriel
_eautor
245 1 1 _a¡Ave María purísima, eso fue que bajó el encanto del Caquinal!
_cGabriel Baquero [y otros 4]
260 _aBogotá :
_bTropenbos Internacional Colombia :
_bUICN Sur,
_c2015.
300 _a34 páginas :
_bilustraciones (algunas a color) ;
_c16 x 22 cm.
500 _aProyecto comunidades de los páramos, fortaleciendo las capacidades y la coordinación para la adaptación a los efectos del cambio climático.
504 _aIncluye referencias bibliográficas.
650 1 6 _aComunidades rurales
650 2 6 _aEducación ambiental
650 2 6 _aSociología rural
650 2 6 _aEcología humana
662 _aColombia
_bPáramo de Chingaza
_cquebrada Caquinal
700 1 _aCuellar, Carlos Ariel
_eautor
700 1 _aCuellar, Isidro
_eautor
700 1 _aRodríguez, Antonio
_eautor
700 1 _aCuellar, Alfredo
_eautor
942 _2ddc
_cLIBRO
999 _c18755
_d18755